Pohyb obyvatelstva v Československé socialistické republice v roce 1975

Uložené v:
Podrobná bibliografia
Médium: Kniha
Jazyk:Czech
Vydavateľské údaje: Praha Federální statistický úřad 1978
Tagy: Pridať tag
Žiadne tagy, Buďte prvý, kto otaguje tento záznam!

MARC

LEADER 00000nam a2200000 4500
001 c119723
005 20041019155214.9
041 0 |a cze 
044 |a CZ 
245 1 0 |a Pohyb obyvatelstva v Československé socialistické republice v roce 1975 
264 1 |a Praha  |b Federální statistický úřad  |c 1978 
300 |a 278 s.